000 00522pab a2200193 454500
008 180718b2011 xxu||||| |||| 00| 0 eng d
100 _aFernandez, Sergio
245 _aEmpowering public sector employees to improve performance: Does it work?
260 _c2011
300 _ap.23-47.
362 _aJan
650 _aManagement
650 _aPublic sector
650 _aPerformance appraisal
700 _aMoldogaziev, Tima
773 _aAmerican Review of Public Administration
908 _aN
909 _a92024
999 _c92024
_d92024